Guess the Fusion Rock Song Lyrics #243 - Statistics

General Stats
  • This quiz has been taken 12 times
  • The average score is 105 of 143
Answer Stats
Answer % Correct
a
100%
and
100%
If
100%
But
90%
for
90%
it's
90%
love
90%
On
90%
on
90%
the
90%
The
90%
Time
90%
time
90%
To
90%
to
90%
we
90%
when
90%
where
90%
Who
90%
like
80%
me
80%
my
80%
again
70%
ever
70%
forever
70%
Forever
70%
gone
70%
Gone
70%
I'm
70%
knows
70%
sea
70%
Til
70%
Alan Parsons Project
60%
Goodbye
60%
keeps
60%
Maybe
60%
meet
60%
shall
60%
wait
60%
waits
60%
flowin
50%
friends
50%
river
50%
more
40%
now
30%
tide
30%
beckoning
10%
asleep
0%
stars
0%
No matching quizzes found
Score Distribution
Percent of People with Each Score
Percentile by Number Answered
Your Score History
You have not taken this quiz